Abrazívne a erozívne opotrebenie
Salvato in:
| Autori principali: | , , |
|---|---|
| Natura: | Libro |
| Lingua: | slovacco |
| Pubblicazione: |
Košice :
Technická univerzita v Košiciach,
2012
|
| Serie: | Edícia študijnej literatúry
|
| Soggetti: | |
| Tags: |
Nessun Tag, puoi essere il primo ad aggiungerne!!
|
MARC
| LEADER | 00000nam a22000003a 4500 | ||
|---|---|---|---|
| 001 | stu262715 | ||
| 005 | 20150617230221.8 | ||
| 008 | 130215s2012----xo------------------slo-d | ||
| 020 | |a 978-80-553-1250-7 | ||
| 040 | |a STU |b slo | ||
| 041 | 0 | |a slo | |
| 044 | |a xo | ||
| 080 | |a 620.193.1 | ||
| 100 | 1 | |a Zdravecká, Eva |4 aut | |
| 245 | 1 | |a Abrazívne a erozívne opotrebenie | |
| 260 | |a Košice : |b Technická univerzita v Košiciach, |c 2012 | ||
| 300 | |a 157 s | ||
| 650 | 7 | |a abrazívne opotrebenie |2 stusub | |
| 650 | 7 | |a erozívne opotrebenie |2 stusub | |
| 700 | 1 | |a Smetana, Štefan |4 aut | |
| 700 | 1 | |a Suchánek, Ján |4 aut | |
| 830 | 0 | |a Edícia študijnej literatúry | |
| 996 | |b 284M084822 |c M*13447-1 |l MMST |s A |a 24 |w stu262715_0001 | ||
| 996 | |b 284M084823 |c M*13447-2 |l MMKN |s A |a 24 |w stu262715_0002 | ||
| 996 | |b 284M084826 |c M*13447-5 |l MMKN |s A |a 24 |w stu262715_0003 | ||
| 996 | |b 284M084825 |c M*13447-4 |l MMKN |s A |a 24 |w stu262715_0004 | ||
| 996 | |b 284M084824 |c M*13447-3 |l MMKN |s A |a 24 |w stu262715_0005 | ||